A treatise on the structure, economy, and diseases of the liver : together with an inquiry into the properties and component parts of the bile and biliary concretions. By William Saunders, M.D. F.R.S. Fellow of the College of Physicians, and senior physician to Guy's Hospital.

Bibliographic Details
Main Author: Saunders, William, 1743-1817
Corporate Author: Gale (Firm)
Format: eBook
Language:English
Published: Boston : Printed for W. Pelham no 59 Cornhill, 1797. (Price one dollar)
Edition:First American, from second London edition, with considerable additions.
Subjects:
Online Access:Connect to the full text of this electronic book

MARC

Tag First Indicator Second Indicator Subfields
LEADER 00000cam a2200000 4500
001 in00003878708
005 20190415192831.0
006 m o d
007 cr |n||||||||n
008 820916s1797 xxu|||| o 00| | eng c
035 |a (CU-RivES)W28189 
035 |a (Uk-ES)006454269 
035 |a (OCoLC)511160849 
040 |a MWA  |c MWA  |d CU-RivES  |d CStRLIN  |d Cengage Gale  |d UtOrBLW 
050 4 |a Z1215  |b .S286 1797 
100 1 |a Saunders, William,  |d 1743-1817.  |0 http://id.loc.gov/authorities/names/n85067319 
245 1 2 |a A treatise on the structure, economy, and diseases of the liver :  |b together with an inquiry into the properties and component parts of the bile and biliary concretions. By William Saunders, M.D. F.R.S. Fellow of the College of Physicians, and senior physician to Guy's Hospital. 
250 |a First American, from second London edition, with considerable additions. 
264 1 |a Boston :  |b Printed for W. Pelham no 59 Cornhill,  |c 1797. (Price one dollar) 
300 |a 1 online resource (xx, 231, 1 unnumbered pages)  
336 |a text  |b txt  |2 rdacontent 
337 |a computer  |b c  |2 rdamedia 
338 |a online resource  |b cr  |2 rdacarrier 
500 |a Parentheses substituted for square brackets enclosing price in imprint. 
509 |a Signatures: a⁶ b⁴ B-U⁶ X² (X2 verso blank; U2 missigned U3) 
510 4 |a Evans,  |c 32805 
510 4 |a Austin, R.B. Early Amer. medical imprints,  |c 1704 
510 4 |a English Short Title Catalog,  |c W28189. 
500 |a Reproduction of original from Library of Congress. 
500 |a Electronic resource. 
650 0 |a Bile.  |0 http://id.loc.gov/authorities/names/no89013806 
650 0 |a Liver  |x Diseases.  |0 http://id.loc.gov/authorities/subjects/sh85077755 
655 7 |a Electronic books.  |2 local 
700 1 |a Pelham, William,  |d 1759-1827,  |e bookseller.  |0 http://id.loc.gov/authorities/names/n86084825 
710 2 |a Gale (Firm)  |0 http://id.loc.gov/authorities/names/no2008071348 
752 |a United States  |b Massachusetts  |d Boston. 
856 4 0 |u http://proxy.library.tamu.edu/login?url=http://find.galegroup.com/ecco/infomark.do?contentSet=ECCOArticles&docType=ECCOArticles&bookId=1377800500&type=getFullCitation&tabID=T001&prodId=ECCO&docLevel=TEXT_GRAPHICS&version=1.0&source=library&userGroupName=txshracd2898  |z Connect to the full text of this electronic book  |t 0 
999 f f |s 873ec101-53a9-38b0-9a50-676a371a5a2e  |i b1aae062-7a88-3afb-831b-718034476a0b  |t 0 
952 f f |a Texas A&M University  |b College Station  |c Electronic Resources  |d Available Online  |t 0  |e Z1215 .S286 1797  |h Library of Congress classification 
998 f f |a Z1215 .S286 1797  |t 0  |l Available Online